|
|
|
|
| LEADER |
00000nam a2200000Ii 4500 |
| 001 |
DIGBRUJ168 |
| 003 |
NyNyDIG |
| 006 |
m o d |
| 007 |
cr ||||||||||| |
| 008 |
220301s2016 ag ob 000 0 spa d |
| 035 |
|
|
|a (OCoLC)1319854178
|
| 040 |
|
|
|a DGITA
|b eng
|e rda
|e pn
|c DGITA
|
| 020 |
|
|
|a 9789871925872
|q eBook
|q pdf
|
| 020 |
|
|
|z 9789871432295
|
| 050 |
1 |
4 |
|a LB1715 ebook
|
| 082 |
0 |
4 |
|a 370.71
|
| 245 |
0 |
0 |
|a Formación docente :
|b complejidad y ausencias /
|c José Alberto Yuni, compilador ; autores, Carolina Abdala [and 13 others]
|
| 264 |
|
1 |
|a Córdoba, Argentina :
|b Editorial Brujas :
|b Universidad Nacional de Catamarca, Facultad de Humanidades,
|c [2016]
|
| 300 |
|
|
|a 1 online resource.
|
| 336 |
|
|
|a text
|b txt
|2 rdacontent
|
| 337 |
|
|
|a computer
|b c
|2 rdamedia
|
| 338 |
|
|
|a online resource
|b cr
|2 rdacarrier
|
| 347 |
|
|
|a text file
|2 rdaft
|
| 347 |
|
|
|b PDF
|
| 490 |
1 |
|
|a Colección Con-textos humanos
|
| 504 |
|
|
|a Includes bibliographical references.
|
| 588 |
0 |
|
|a Online resource; title from PDF title page (Digitalia, viewed March 1, 2022)
|
| 650 |
|
0 |
|a Teachers
|x Training of.
|
| 655 |
|
0 |
|a Electronic books.
|
| 700 |
1 |
|
|a Yuni, José,
|e compiler,
|e author.
|
| 700 |
1 |
|
|a Abdala, Carolina,
|e author.
|
| 791 |
2 |
|
|a Digitalia (Firm),
|e distributor.
|
| 793 |
0 |
|
|g Digitalia eBook Collection:
|a Editorial Brujas
|
| 776 |
0 |
8 |
|i Print version:
|t Formación docente.
|d Córdoba, Argentina : Editorial Brujas : Universidad Nacional de Catamarca, Facultad de Humanidades, [2016]
|z 9789871432295
|
| 830 |
|
0 |
|a Colección Contextos humanos.
|
| 856 |
4 |
0 |
|3 Digitalia Hispánica
|u https://www.digitaliapublishing.com/a/41859/
|
| 910 |
|
|
|a Premium collection: 2022
|